Zhodnotenie vplyvu finančnej krízy na investičnú činnosť vybraných komerčných poisťovní bakalárska práca

Gespeichert in:
Bibliographische Detailangaben
1. Verfasser: Fedák, Róbert
Körperschaft: Podnikovohospodárska fakulta EU so sídlom v Košiciach. Katedra ekonómie
Weitere Verfasser: Kafková, Eva
Format: Buch
Sprache:Slowakisch
Veröffentlicht: Košice 2011
Tags: Tag hinzufügen
Keine Tags, Fügen Sie das erste Tag hinzu!

MARC

LEADER 00000nbm a2200000 4500
001 0139367
005 20240827093426.5
041 0 |a slo 
044 |a SK 
245 1 0 |a Zhodnotenie vplyvu finančnej krízy na investičnú činnosť vybraných komerčných poisťovní  |b bakalárska práca  |c Róbert Fedák ; školiteľ: Eva Kafková 
264 1 |a Košice  |c 2011 
300 |a 79 s. 
100 1 |a Fedák, Róbert 
700 1 |a Kafková, Eva 
710 2 |a Podnikovohospodárska fakulta EU so sídlom v Košiciach. Katedra ekonómie